[Event "Mitropa Cup 28th"]
[Site "Rogaska Slatina"]
[Date "2009.05.15"]
[Round "7"]
[White "Vavrak, Peter"]
[Black "Ragger, Markus"]
[Result "1/2-1/2"]
[WhiteElo "2487"]
[BlackElo "2544"]
[PlyCount "81"]
[EventDate "2009.05.09"]
[EventType "team-tourn"]
[EventRounds "9"]
[EventCountry "SLO"]
[SourceTitle "CBM 130 Extra"]
[Source "ChessBase"]
[SourceDate "2009.07.02"]
[SourceVersion "2"]
[SourceVersionDate "2009.07.15"]
[SourceQuality "1"]
[WhiteTeam "Slovakia"]
[BlackTeam "Austria"]
[WhiteTeamCountry "SVK"]
[BlackTeamCountry "AUT"]

1. Nf3 d5 2. c4 e6 3. e3 Nf6 4. Nc3 c5 5. d4 Nc6 6. a3 a6 7. dxc5 Bxc5 8. b4 Bd6 9. Bb2 0-0 10. cxd5 exd5 11. Be2 Be6 12. 0-0 Qe7 13. Rc1 Rfd8 14. Nd4 Ne5 15. Qc2 Rac8 16. Nf5 Qd7 17. Nxd6 Qxd6 18. Rfd1 Neg4 19. g3 Qe5 20. Qd3 Qh5 21. h4 Bf5 22. Qd4 Qg6 23. Bf3 h6 24. Ne2 Be4 25. Nf4 Qf5 26. Be2 Rxc1 27. Rxc1 Re8 28. Rf1 Bc2 29. Nxd5 Ne5 30. Nxf6+ Qxf6 31. Rc1 Qf5 32. Qf4 Qxf4 33. gxf4 Bd3 34. Bd1 Nc4 35. Bd4 b5 36. a4 Be4 37. Be2 Bd5 38. Ra1 Nd2 39. Bxb5 Nf3+ 40. Kf1 Rb8 41. Be2 1/2-1/2

[Event "Mitropa Cup 28th"]
[Site "Rogaska Slatina"]
[Date "2009.05.11"]
[Round "3"]
[White "Cossin, Sebastien"]
[Black "Vavrak, Peter"]
[Result "1-0"]
[WhiteElo "2471"]
[BlackElo "2487"]
[PlyCount "115"]
[EventDate "2009.05.09"]
[EventType "team-tourn"]
[EventRounds "9"]
[EventCountry "SLO"]
[SourceTitle "CBM 130 Extra"]
[Source "ChessBase"]
[SourceDate "2009.07.02"]
[SourceVersion "2"]
[SourceVersionDate "2009.07.15"]
[SourceQuality "1"]
[WhiteTeam "France"]
[BlackTeam "Slovakia"]
[WhiteTeamCountry "FRA"]
[BlackTeamCountry "SVK"]

1. d4 e6 2. c4 Nf6 3. Nc3 Bb4 4. Qc2 0-0 5. a3 Bxc3+ 6. Qxc3 b6 7. Nf3 Bb7 8. g3 d6 9. Bg2 Nbd7 10. 0-0 Rc8 11. b4 c5 12. Bb2 cxb4 13. Qxb4 Nb8 14. Qa4 Rc7 15. Rfc1 Qe7 16. c5 bxc5 17. dxc5 dxc5 18. Be5 Rd7 19. Rab1 Nd5 20. Qxa7 Nc6 21. Qxc5 f6 22. Qxe7 Ndxe7 23. Bc3 Ra8 24. Bb4 Nxb4 25. axb4 Ra2 26. e3 Be4 27. Rb3 Bd5 28. Rbb1 Be4 29. Rb3 Bd5 30. Rd3 Rb2 31. e4 Bc6 32. Rxd7 Bxd7 33. Rc7 Bb5 34. Bf1 Bxf1 35. Kxf1 Kf8 36. Nd4 Rxb4 37. Nxe6+ Kf7 38. Nxg7 Rxe4 39. Nf5 Re5 40. Rxe7+ Rxe7 41. Nxe7 Kxe7 42. Kg2 Ke6 43. Kh3 Kf5 44. Kh4 Kg6 45. Kg4 Kf7 46. Kf5 Ke7 47. g4 Kf7 48. g5 fxg5 49. Kxg5 Kg7 50. Kf5 Kf7 51. f4 Ke7 52. Ke5 Kf7 53. f5 Ke7 54. f6+ Kf7 55. Kf5 Kf8 56. Ke6 Ke8 57. f7+ Kf8 58. Kf6 1-0

[Event "Mitropa Cup 28th"]
[Site "Rogaska Slatina"]
[Date "2009.05.10"]
[Round "2"]
[White "Vavrak, Peter"]
[Black "Jenni, Florian"]
[Result "1/2-1/2"]
[WhiteElo "2487"]
[BlackElo "2516"]
[PlyCount "108"]
[EventDate "2009.05.09"]
[EventType "team-tourn"]
[EventRounds "9"]
[EventCountry "SLO"]
[SourceTitle "CBM 130 Extra"]
[Source "ChessBase"]
[SourceDate "2009.07.02"]
[SourceVersion "2"]
[SourceVersionDate "2009.07.15"]
[SourceQuality "1"]
[WhiteTeam "Slovakia"]
[BlackTeam "Switzerland"]
[WhiteTeamCountry "SVK"]
[BlackTeamCountry "SUI"]

1. d4 Nf6 2. c4 e6 3. Nc3 Bb4 4. Qc2 0-0 5. e4 d5 6. e5 Ne4 7. Bd3 c5 8. Nge2 cxd4 9. Nxd4 Nd7 10. Bf4 Ndc5 11. 0-0 Nxd3 12. Qxd3 Bxc3 13. bxc3 b6 14. cxd5 Qxd5 15. Rad1 Nc5 16. Qg3 Qe4 17. Rfe1 Qg6 18. Qh3 f5 19. Nb5 Bd7 20. Nd6 Bc6 21. Re3 Qg4 22. Qxg4 fxg4 23. Rd4 Nb7 24. Bg5 Nxd6 25. exd6 Bd7 26. Rxg4 Rf5 27. h4 Rc8 28. Bh6 g6 29. Rf4 Rcc5 30. Ref3 Rxf4 31. Rxf4 Rf5 32. Rc4 Rd5 33. Rf4 Rf5 34. Rc4 Rd5 35. Rc7 Rxd6 36. Rxa7 Kf7 37. Ra8 Be8 38. a4 e5 39. Kh2 Rd3 40. Ra7+ Rd7 41. Ra6 Rc7 42. Rxb6 Bxa4 43. Rb4 Bc6 44. Be3 Bd5 45. Bd2 Rc4 46. Kg3 h5 47. f3 Rxb4 48. cxb4 Bc4 49. Kf2 Ke6 50. Ke3 Kd5 51. Bc3 Bf1 52. g3 Bb5 53. f4 exf4+ 54. Kxf4 Bd3 1/2-1/2

[Event "Benidorm op 22nd"]
[Site "Benidorm"]
[Date "2009.04.28"]
[Round "5"]
[White "Kovalyov, Anton"]
[Black "Vavrak, Peter"]
[Result "1-0"]
[WhiteElo "2557"]
[BlackElo "2487"]
[PlyCount "93"]
[EventDate "2009.04.24"]
[EventType "swiss"]
[EventRounds "10"]
[EventCountry "ESP"]
[SourceTitle "CBM 130 Extra"]
[Source "ChessBase"]
[SourceDate "2009.07.02"]
[SourceVersion "2"]
[SourceVersionDate "2009.07.15"]
[SourceQuality "1"]

1. Nf3 d5 2. d4 Nf6 3. c4 e6 4. Nc3 Be7 5. Bg5 0-0 6. e3 Nbd7 7. cxd5 exd5 8. Qc2 Re8 9. Bd3 Nf8 10. h3 c6 11. 0-0 g6 12. Rab1 Ne6 13. Bh4 Ng7 14. b4 a6 15. a4 Bf5 16. Bxf5 Nxf5 17. Bxf6 Bxf6 18. b5 axb5 19. axb5 Nd6 20. bxc6 bxc6 21. Nd2 Qd7 22. Na4 Bd8 23. Rfc1 Nb5 24. Ra1 Rc8 25. Nf3 Qd6 26. Nc5 Re7 27. Ra6 Nc7 28. Nb7 Qb4 29. Nxd8 Nxa6 30. Nxc6 Rxc6 31. Qxc6 Rc7 32. Qe8+ Qf8 33. Qxf8+ Kxf8 34. Rb1 Ra7 35. Ne5 Nc7 36. Rb8+ Kg7 37. Rd8 Nb5 38. Rxd5 Nc3 39. Rd7 Rxd7 40. Nxd7 f5 41. Kf1 Kf7 42. Nc5 g5 43. Ke1 h5 44. Kd2 Nd5 45. Kd3 g4 46. h4 Nb4+ 47. Kd2 1-0

[Event "CZE-chT 0809"]
[Site "Czech Republic"]
[Date "2009.03.21"]
[Round "10.2"]
[White "Vavrak, Peter"]
[Black "Dydyshko, Viacheslav"]
[Result "1/2-1/2"]
[WhiteElo "2474"]
[BlackElo "2583"]
[PlyCount "114"]
[EventDate "2008.11.08"]
[EventType "team-tourn"]
[EventRounds "11"]
[EventCountry "CZE"]
[SourceTitle "EXT 2010"]
[Source "ChessBase"]
[SourceDate "2010.11.25"]
[SourceVersion "1"]
[SourceVersionDate "2010.11.25"]
[SourceQuality "1"]
[WhiteTeam "Zlin"]
[BlackTeam "Frydek Mistek"]
[WhiteTeamCountry "CZE"]
[BlackTeamCountry "CZE"]

1. d4 Nf6 2. c4 e6 3. Nc3 Bb4 4. Qc2 0-0 5. e4 d5 6. e5 Ne4 7. Bd3 c5 8. Nge2 cxd4 9. Nxd4 Nd7 10. Bf4 Ndc5 11. 0-0 Bxc3 12. bxc3 Bd7 13. Be2 Qa5 14. Rac1 Na4 15. Bd3 Qxc3 16. cxd5 Qxd4 17. Bxe4 Rac8 18. Rfd1 Rxc2 19. Rxd4 Rxc1+ 20. Bxc1 Nc3 21. Bf3 Nxd5 22. Bxd5 exd5 23. Rxd5 Be6 24. Rd2 Rc8 25. Ba3 h6 26. h3 b5 27. Bb4 Rc1+ 28. Kh2 Ra1 29. a3 a5 30. Bxa5 Rxa3 31. Bb4 Rb3 32. Be7 Kh7 33. Rd4 Rc3 34. Bb4 Rc2 35. Kg3 Kg6 36. Rf4 Re2 37. Bd6 Rd2 38. Bb4 Rd3+ 39. Rf3 Rd5 40. Kh2 Rd4 41. Bc5 Re4 42. Rg3+ Kf5 43. Rxg7 b4 44. Rg4 b3 45. Rxe4 Kxe4 46. Ba3 Kxe5 47. Kg3 Bf5 48. Bb2+ Ke4 49. f3+ Ke3 50. Bc1+ Ke2 51. Kf4 Bc8 52. g4 Bb7 53. h4 Bxf3 54. h5 Kf2 55. g5 Bxh5 56. gxh6 Bg6 57. Kg5 Ke2 1/2-1/2

[Event "EU-ch 10th"]
[Site "Budva"]
[Date "2009.03.16"]
[Round "10"]
[White "Reutsky, Sergei"]
[Black "Vavrak, Peter"]
[Result "0-1"]
[WhiteElo "2381"]
[BlackElo "2488"]
[PlyCount "94"]
[EventDate "2009.03.06"]
[EventType "swiss"]
[EventRounds "11"]
[EventCountry "MNE"]
[SourceTitle "CBM 130"]
[Source "ChessBase"]
[SourceDate "2009.05.20"]
[SourceVersion "1"]
[SourceVersionDate "2009.05.20"]
[SourceQuality "1"]

1. e4 e6 2. d4 d5 3. e5 c5 4. c3 Qb6 5. Nf3 Nc6 6. a3 c4 7. g3 Na5 8. Nbd2 Bd7 9. a4 Ne7 10. Bg2 Nc8 11. 0-0 Qc7 12. Ng5 h6 13. Nh3 Nb6 14. Nf4 Bc6 15. Nh5 Qd7 16. Qg4 0-0-0 17. h4 Bxa4 18. f4 g6 19. Nf6 Qb5 20. h5 Bc2 21. hxg6 Bxg6 22. Bh3 Be7 23. Qf3 Bxf6 24. exf6 Rhg8 25. f5 Bxf5 26. Bxf5 exf5 27. Qxf5+ Nd7 28. Kh2 Rg6 29. Qh3 a6 30. Rf5 Kb8 31. Ne4 Ka8 32. Nd6 Qb3 33. Rxa5 Nxf6 34. Nxf7 Ng4+ 35. Kg1 Rf8 36. Raxd5 Qc2 37. Bxh6 Nxh6 38. Nxh6 Qc1+ 39. Kg2 Rh8 40. Qh4 Rhxh6 41. Rh5 Qxb2+ 42. Kh3 Qb1 43. Kh2 Qc2+ 44. Kh3 Qd1 45. Kh2 Qe2+ 46. Kh3 Qf1+ 47. Kh2 Rb6 0-1

[Event "EU-ch 10th"]
[Site "Budva"]
[Date "2009.03.14"]
[Round "8"]
[White "Jakovljevic, Vlado"]
[Black "Vavrak, Peter"]
[Result "1-0"]
[WhiteElo "2420"]
[BlackElo "2488"]
[PlyCount "82"]
[EventDate "2009.03.06"]
[EventType "swiss"]
[EventRounds "11"]
[EventCountry "MNE"]
[SourceTitle "CBM 130"]
[Source "ChessBase"]
[SourceDate "2009.05.20"]
[SourceVersion "1"]
[SourceVersionDate "2009.05.20"]
[SourceQuality "1"]

1. e4 e6 2. d4 d5 3. Nd2 Be7 4. Ngf3 Nf6 5. e5 Nfd7 6. Bd3 c5 7. c3 Nc6 8. 0-0 g5 9. dxc5 Ndxe5 10. Nxe5 Nxe5 11. Bb5+ Bd7 12. Bxd7+ Qxd7 13. Nf3 Nxf3+ 14. Qxf3 Rc8 15. b4 b6 16. Qh5 bxc5 17. Bxg5 Bxg5 18. Qxg5 Qe7 19. Qh6 Qf8 20. Qf4 Qg7 21. Qd6 Rg8 22. g3 Qxc3 23. Rac1 Qf6 24. Rxc5 Rd8 25. Qa6 Kf8 26. Rc7 d4 27. Qd3 h5 28. Rfc1 Kg7 29. Rxa7 Ra8 30. Rxa8 Rxa8 31. a3 e5 32. h4 Re8 33. Re1 Rc8 34. Qe4 Rc3 35. Qxe5 d3 36. Qe3 Rxa3 37. Rd1 Rb3 38. Rxd3 Rxb4 39. Rd5 Rb1+ 40. Kh2 Qh6 41. Rg5+ Kf8 1-0

[Event "EU-ch 10th"]
[Site "Budva"]
[Date "2009.03.10"]
[Round "5"]
[White "Sedlak, Nikola"]
[Black "Vavrak, Peter"]
[Result "1/2-1/2"]
[WhiteElo "2592"]
[BlackElo "2488"]
[PlyCount "71"]
[EventDate "2009.03.06"]
[EventType "swiss"]
[EventRounds "11"]
[EventCountry "MNE"]
[SourceTitle "CBM 130"]
[Source "ChessBase"]
[SourceDate "2009.05.20"]
[SourceVersion "1"]
[SourceVersionDate "2009.05.20"]
[SourceQuality "1"]

1. e4 e6 2. Nf3 d5 3. e5 c5 4. b4 cxb4 5. a3 Nc6 6. axb4 Bxb4 7. c3 Be7 8. d4 h5 9. h4 Nh6 10. Bd3 Nf5 11. Na3 a6 12. Bg5 Rb8 13. Nc2 b5 14. Ne3 g6 15. Bxf5 gxf5 16. 0-0 a5 17. g3 a4 18. Ng2 Na5 19. Nf4 Nc4 20. Bxe7 Qxe7 21. Ne1 b4 22. cxb4 a3 23. Ned3 Qa7 24. Nc5 Rxb4 25. Nxh5 Nxe5 26. Nf6+ Kf8 27. dxe5 Qxc5 28. Qf3 Kg7 29. Rxa3 Bb7 30. Rc3 d4 31. Qf4 Qxc3 32. Qg5+ Kf8 33. Rc1 Qf3 34. Nh7+ Rxh7 35. Rc8+ Bxc8 36. Qd8+ 1/2-1/2